မြတ်ကျမ်းရွှေစာအလင်္ကာခေါ်နရုပ္ပတ္တိရာဇဝင်သမိုင်းအကျဉ်းချုပ်၊ Outline of the royal history in Poem / (Record no. 16850)
[ view plain ]
| 000 -LEADER | |
|---|---|
| fixed length control field | 00786nam a2200193Ia 4500 |
| 003 - CONTROL NUMBER IDENTIFIER | |
| control field | OSt |
| 005 - DATE AND TIME OF LATEST TRANSACTION | |
| control field | 20251208095104.0 |
| 007 - PHYSICAL DESCRIPTION FIXED FIELD--GENERAL INFORMATION | |
| fixed length control field | ca aa aaaaa |
| 008 - FIXED-LENGTH DATA ELEMENTS--GENERAL INFORMATION | |
| fixed length control field | 201103s9999 xx 000 0 und d |
| 040 ## - CATALOGING SOURCE | |
| Transcribing agency | SSBUL |
| 041 ## - LANGUAGE CODE | |
| Language code of text/sound track or separate title | Myanmar |
| 082 ## - DEWEY DECIMAL CLASSIFICATION NUMBER | |
| Classification number | ၉၅၉.၁ |
| Edition number | ညို |
| 100 ## - MAIN ENTRY--PERSONAL NAME | |
| Personal name | ညိုကြီး၊ ရဲမြန်မာ- |
| 245 #0 - TITLE STATEMENT | |
| Title | မြတ်ကျမ်းရွှေစာအလင်္ကာခေါ်နရုပ္ပတ္တိရာဇဝင်သမိုင်းအကျဉ်းချုပ်၊ Outline of the royal history in Poem / |
| Statement of responsibility, etc. | ရဲမြန်မာညိုကြီး။ |
| 300 ## - PHYSICAL DESCRIPTION | |
| Extent | ၈၉ စာမျက်နှာ ၊ |
| Dimensions | ၁၈ စင်တီ။ |
| 500 ## - GENERAL NOTE | |
| General note | S-SAT: Dr. Sai Aung Tun |
| 942 ## - ADDED ENTRY ELEMENTS (KOHA) | |
| Koha item type | Book (Short term) |
| 100 ## - MAIN ENTRY--PERSONAL NAME | |
| 9 (RLIN) | 17416 |
| Source of classification or shelving scheme | |
| Withdrawn status | Lost status | Source of classification or shelving scheme | Damaged status | Not for loan | Collection Code | Permanent Location | Current Location | Shelving location | Date acquired | Total Checkouts | Full call number | Barcode | Date last seen | Price effective from | Koha item type | Accession |
|---|---|---|---|---|---|---|---|---|---|---|---|---|---|---|---|---|
| Special Collections | Shan State Buddhist University Library | Shan State Buddhist University Library | Special Collection Shelves | 15/02/2023 | ၉၅၉.၁ ညို ၉၃၄၂ S-SAT | MB00009342 | 15/02/2023 | 15/02/2023 | Book (Short term) | ၉၃၄၂ S-SAT |